Štrukturálne zmeny v súčasnom bankovníctve vo svete a hlavné komponenty európskej bankovej stratégie
Deväťdesiate roky boli pre bankový sektor v znamení reorganizácií, akvizícií a fúzií. Technologický vývoj vo svetovom bankovníctve. Marketingové stratégie, zmeny na trhu, rozdiely medzi Európou a USA. Hlavné komponenty budúcej európskej bankovej stratégie.
Na minha lista:
| Autor principal: | |
|---|---|
| Formato: | Capítulo de Livro |
| Idioma: | eslovaco |
| Assuntos: | |
| Tags: |
Sem tags, seja o primeiro a adicionar uma tag!
|
MARC
| LEADER | 00000naa a2200000 4500 | ||
|---|---|---|---|
| 001 | r040076 | ||
| 005 | 20230824105947.1 | ||
| 041 | 0 | |a slo | |
| 044 | |a SK | ||
| 245 | 1 | 0 | |a Štrukturálne zmeny v súčasnom bankovníctve vo svete a hlavné komponenty európskej bankovej stratégie |c Alena Longauerová |
| 520 | |a Deväťdesiate roky boli pre bankový sektor v znamení reorganizácií, akvizícií a fúzií. Technologický vývoj vo svetovom bankovníctve. Marketingové stratégie, zmeny na trhu, rozdiely medzi Európou a USA. Hlavné komponenty budúcej európskej bankovej stratégie. | ||
| 610 | 2 | 0 | |a bankovníctvo |
| 610 | 2 | 0 | |a banky |
| 610 | 2 | 0 | |a svet |
| 610 | 2 | 0 | |a Európa |
| 610 | 2 | 0 | |a USA |
| 610 | 2 | 0 | |a reštrukturalizácia |
| 610 | 2 | 0 | |a reorganizácia |
| 610 | 2 | 0 | |a akvizícia |
| 610 | 2 | 0 | |a fúzie |
| 610 | 2 | 0 | |a stratégia marketingová |
| 610 | 2 | 0 | |a trh kapitálový |
| 610 | 2 | 0 | |a manažment |
| 610 | 2 | 0 | |a 1990-2000 |
| 100 | 1 | |a Longauerová, Alena | |